[Event "2. Bundesliga Mitte 2016/2017"]
[Site "Leoben, Wolfsberg/Taufkirchen/Fuerstenfeld, Grieskirchen, St. Veit"]
[Date "2017.01.29"]
[Round "8"]
[Board "2"]
[White "Kerschbaumer, Johannes"]
[Black "Handler, Lukas"]
[Result "0-1"]
[WhiteElo "2069"]
[BlackElo "2377"]
[PlyCount "66"]
[EventDate "2016.10.07"]
[EventType "team"]
[EventRounds "11"]
[EventCountry "AUT"]
[WhiteTeam "SV Wolfsberg"]
[BlackTeam "SC MPOE Maria Saal 2"]

1. c4 Nf6 2. g3 e6 3. Bg2 d5 4. Nf3 dxc4 5. Qc2 Nbd7 6. Qxc4 c5 7. O-O b6 8. d3
Bb7 9. Bf4 Be7 10. Qc2 O-O 11. Rd1 Nd5 12. Bd2 e5 13. Nc3 Nb4 14. Qb1 Qc8 15.
a3 Nc6 16. Nd5 Bd6 17. b4 Nd4 18. e4 Qd8 19. Nxd4 cxd4 20. Qb3 Kh8 21. Rf1 f6
22. f4 Qe8 23. Rac1 Qf7 24. Qd1 Rad8 25. Qa4 Bb8 26. Rc2 exf4 27. gxf4 f5 28.
Nc7 fxe4 29. dxe4 Nf6 30. Nd5 Nxd5 31. exd5 Bxd5 32. Bxd5 Qxd5 33. Qc6 Qf5 0-1

[Event "2. Bundesliga Mitte 2016/2017"]
[Site "Leoben, Wolfsberg/Taufkirchen/Fuerstenfeld, Grieskirchen, St. Veit"]
[Date "2017.01.29"]
[Round "8"]
[Board "3"]
[White "Halvax, Georg"]
[Black "Schoenangerer, Herbert"]
[Result "1-0"]
[WhiteElo "2429"]
[BlackElo "2097"]
[PlyCount "51"]
[EventDate "2016.10.07"]
[EventType "team"]
[EventRounds "11"]
[EventCountry "AUT"]
[WhiteTeam "SC MPOE Maria Saal 2"]
[BlackTeam "SV Wolfsberg"]

1. e4 e6 2. d4 d5 3. Nc3 dxe4 4. Nxe4 Bd7 5. Nf3 Bc6 6. Bd3 Nd7 7. O-O Ngf6 8.
Ng3 Be7 9. c3 O-O 10. Re1 Re8 11. Qe2 Bxf3 12. Qxf3 c6 13. Bc2 Qc7 14. Bg5 Rad8
15. h4 c5 16. Rad1 cxd4 17. Rxd4 Nb6 18. Bxf6 Bxf6 19. Rg4 Kh8 20. Nh5 Qe7 21.
Nxf6 Qxf6 22. Rf4 Qh6 23. Rxf7 Qxh4 24. Rxe6 Rg8 25. Re5 g6 26. Rh5 1-0

[Event "2. Bundesliga Mitte 2016/2017"]
[Site "Leoben, Wolfsberg/Taufkirchen/Fuerstenfeld, Grieskirchen, St. Veit"]
[Date "2017.01.29"]
[Round "8"]
[Board "4"]
[White "Huber, Mario"]
[Black "Tomazini, Zan"]
[Result "0-1"]
[WhiteElo "1987"]
[BlackElo "2389"]
[PlyCount "58"]
[EventDate "2016.10.07"]
[EventType "team"]
[EventRounds "11"]
[EventCountry "AUT"]
[WhiteTeam "SV Wolfsberg"]
[BlackTeam "SC MPOE Maria Saal 2"]

1. c4 g6 2. g3 Bg7 3. Bg2 c5 4. Nc3 Nc6 5. e4 a6 6. Nge2 b5 7. cxb5 axb5 8. d3
b4 9. Nd5 e6 10. Ne3 Nge7 11. O-O O-O 12. f4 d5 13. f5 exf5 14. exd5 Ne5 15.
Nf4 Ba6 16. Nc4 Nxc4 17. dxc4 Bd4+ 18. Kh1 Bxc4 19. d6 Bxf1 20. Qxf1 Qxd6 21.
Bxa8 Rxa8 22. h4 Nc6 23. Kh2 Ne5 24. Ne2 Ng4+ 25. Kh3 Qa6 26. Qf3 Re8 27. Nf4
Re1 28. Nd3 Qxd3 29. Qxd3 Nf2+ 0-1

[Event "2. Bundesliga Mitte 2016/2017"]
[Site "Leoben, Wolfsberg/Taufkirchen/Fuerstenfeld, Grieskirchen, St. Veit"]
[Date "2017.01.29"]
[Round "8"]
[Board "5"]
[White "Rieger, Robert"]
[Black "Pressl, Harald"]
[Result "1-0"]
[WhiteElo "2320"]
[BlackElo "1873"]
[PlyCount "43"]
[EventDate "2016.10.07"]
[EventType "team"]
[EventRounds "11"]
[EventCountry "AUT"]
[WhiteTeam "SC MPOE Maria Saal 2"]
[BlackTeam "SV Wolfsberg"]

1. e4 d6 2. d4 Nf6 3. Nc3 e5 4. Nf3 exd4 5. Nxd4 Be7 6. g3 Bg4 7. f3 Bd7 8. Be3
Nc6 9. Qd2 a6 10. O-O-O b5 11. Nxc6 Bxc6 12. Bg2 b4 13. Ne2 Rb8 14. g4 a5 15.
Nd4 Ba8 16. g5 Nd7 17. h4 Nc5 18. Nf5 Bf8 19. Bxc5 dxc5 20. Qf4 Qc8 21. Bh3 Qa6
22. Qe5+ 1-0

[Event "2. Bundesliga Mitte 2016/2017"]
[Site "Leoben, Wolfsberg/Taufkirchen/Fuerstenfeld, Grieskirchen, St. Veit"]
[Date "2017.01.29"]
[Round "8"]
[Board "6"]
[White "Heindl, Matthias"]
[Black "Tomazini, Aljosa"]
[Result "1/2-1/2"]
[WhiteElo "2106"]
[BlackElo "2387"]
[PlyCount "89"]
[EventDate "2016.10.07"]
[EventType "team"]
[EventRounds "11"]
[EventCountry "AUT"]
[WhiteTeam "SV Wolfsberg"]
[BlackTeam "SC MPOE Maria Saal 2"]

1. e4 c5 2. Nf3 e6 3. d4 cxd4 4. Nxd4 Nc6 5. Nc3 Qc7 6. Be3 a6 7. Qd2 Nf6 8.
O-O-O Be7 9. f3 b5 10. Nxc6 dxc6 11. g4 e5 12. Kb1 Be6 13. Qf2 Bb4 14. Ne2 Nd7
15. Nc1 Be7 16. h4 c5 17. g5 c4 18. Bh3 Nc5 19. Bxe6 fxe6 20. Qg3 Na4 21. Qg4
Qc6 22. Qh5+ g6 23. Qg4 Rd8 24. Rxd8+ Kxd8 25. h5 Rg8 26. hxg6 hxg6 27. Rh7 Qd6
28. Qg2 Ke8 29. Qd2 Qxd2 30. Bxd2 Rf8 31. Rxe7+ Kxe7 32. Bb4+ Ke8 33. Bxf8 Kxf8
34. b3 Nb6 35. Kb2 Ke7 36. Kc3 Kd6 37. Kb4 Kc6 38. Ka5 Kb7 39. Ne2 cxb3 40.
axb3 Nc8 41. f4 Nd6 42. fxe5 Nxe4 43. Nf4 Nxg5 44. Nxg6 Nf3 45. c4 1/2-1/2

[Event "2. Bundesliga Mitte 2016/2017"]
[Site "Leoben, Wolfsberg/Taufkirchen/Fuerstenfeld, Grieskirchen, St. Veit"]
[Date "2017.01.29"]
[Round "8"]
[Board "1"]
[White "Enoeckl, Philipp"]
[Black "Branding, Volker"]
[Result "1-0"]
[WhiteElo "2289"]
[BlackElo "2167"]
[PlyCount "105"]
[EventDate "2016.10.07"]
[EventType "team"]
[EventRounds "11"]
[EventCountry "AUT"]
[WhiteTeam "Leoben"]
[BlackTeam "SV Gmunden"]

1. d4 c5 2. d5 g6 3. c4 Bg7 4. e4 d6 5. Nc3 Nf6 6. Bd3 O-O 7. h3 Na6 8. Nf3 Nc7
9. O-O a6 10. a4 Rb8 11. a5 b5 12. axb6 Rxb6 13. Qc2 e6 14. Re1 e5 15. Na4 Rb8
16. Bd2 Nh5 17. Ba5 Nf4 18. Nb6 Qf6 19. Bf1 Na8 20. Nxc8 Rfxc8 21. Ra3 Rb7 22.
Ree3 Rcb8 23. Reb3 Qe7 24. Nd2 Qd7 25. Kh2 Bf8 26. g3 Nh5 27. Rxb7 Rxb7 28. Bd3
Nf6 29. Rb3 Be7 30. Qc3 Qc8 31. Bc2 Nd7 32. Rxb7 Qxb7 33. Ba4 Nab6 34. Qb3 Qa7
35. Bc6 h5 36. h4 Bf8 37. Nf3 Be7 38. Kg2 Kf8 39. Ng5 Bxg5 40. hxg5 Ke7 41. f4
exf4 42. gxf4 Qb8 43. Qc3 f6 44. Qh3 Nf8 45. gxf6+ Kxf6 46. Qc3+ Kf7 47. e5 Qd8
48. e6+ Kg8 49. b3 Nc8 50. Qg3 Ne7 51. Qh4 Nh7 52. f5 gxf5 53. Qg3+ 1-0

[Event "2. Bundesliga Mitte 2016/2017"]
[Site "Leoben, Wolfsberg/Taufkirchen/Fuerstenfeld, Grieskirchen, St. Veit"]
[Date "2017.01.29"]
[Round "8"]
[Board "2"]
[White "Rolletschek, Heinrich"]
[Black "Dietmayer-Kraeutler, Marco"]
[Result "1/2-1/2"]
[WhiteElo "2170"]
[BlackElo "2244"]
[PlyCount "90"]
[EventDate "2016.10.07"]
[EventType "team"]
[EventRounds "11"]
[EventCountry "AUT"]
[WhiteTeam "SV Gmunden"]
[BlackTeam "Leoben"]

1. e4 e5 2. Nf3 Nc6 3. Bb5 a6 4. Ba4 Nf6 5. O-O b5 6. Bb3 Be7 7. Re1 d6 8. c3
O-O 9. h3 Na5 10. Bc2 c5 11. d4 Nc6 12. Nbd2 Qb6 13. dxc5 dxc5 14. Nf1 Rd8 15.
Qe2 h6 16. Ne3 Be6 17. a4 c4 18. axb5 axb5 19. Rxa8 Rxa8 20. Nd5 Nxd5 21. exd5
Bxd5 22. Nxe5 Nxe5 23. Qxe5 Qe6 24. Bf5 Qxe5 25. Rxe5 Be6 26. Bxe6 fxe6 27.
Rxe6 Ra1 28. Rxe7 Rxc1+ 29. Kh2 Rc2 30. Rb7 Rxb2 31. Kg3 Kh7 32. Kf3 Kg6 33.
Ke3 Kf6 34. g3 g5 35. f4 gxf4+ 36. Kxf4 Ke6 37. Ke4 Kd6 38. g4 Kc6 39. Rh7 Re2+
40. Kf4 Rf2+ 41. Ke3 Rc2 42. Rxh6+ Kc5 43. Rh5+ Kc6 44. Rh6+ Kc5 45. Rh5+ Kc6
 1/2-1/2

[Event "2. Bundesliga Mitte 2016/2017"]
[Site "Leoben, Wolfsberg/Taufkirchen/Fuerstenfeld, Grieskirchen, St. Veit"]
[Date "2017.01.29"]
[Round "8"]
[Board "3"]
[White "Sandner, Wolfgang"]
[Black "Mittermayr, Gerhard"]
[Result "1-0"]
[WhiteElo "2256"]
[BlackElo "2092"]
[PlyCount "52"]
[EventDate "2016.10.07"]
[EventType "team"]
[EventRounds "11"]
[EventCountry "AUT"]
[WhiteTeam "Leoben"]
[BlackTeam "SV Gmunden"]

1. e4 d5 2. exd5 Qxd5 3. Nf3 Bg4 4. Be2 Nf6 5. d4 c6 6. c4 Qa5+ 7. Nc3 Nbd7 8.
O-O e6 9. Bf4 Be7 10. a3 O-O 11. h3 Bh5 12. Qd2 Rfe8 13. b4 Qd8 14. Rfd1 Nb6
15. Ne5 Bxe2 16. Qxe2 Qc8 17. Rab1 a5 18. Rb3 axb4 19. axb4 g6 20. Bg5 Nfd7 21.
Bxe7 Rxe7 22. Ne4 Qb8 23. b5 cxb5 24. Rxb5 Nxe5 25. dxe5 Qc7 26. Qe3 f5 1-0

[Event "2. Bundesliga Mitte 2016/2017"]
[Site "Leoben, Wolfsberg/Taufkirchen/Fuerstenfeld, Grieskirchen, St. Veit"]
[Date "2017.01.29"]
[Round "8"]
[Board "4"]
[White "Haas, Michael"]
[Black "Schein, Karl-Heinz"]
[Result "1/2-1/2"]
[WhiteElo "2046"]
[BlackElo "2186"]
[PlyCount "89"]
[EventDate "2016.10.07"]
[EventType "team"]
[EventRounds "11"]
[EventCountry "AUT"]
[WhiteTeam "SV Gmunden"]
[BlackTeam "Leoben"]

1. d4 e6 2. Nf3 f5 3. Bg5 Be7 4. Bxe7 Qxe7 5. Nbd2 Nf6 6. e3 O-O 7. Bd3 d6 8.
e4 e5 9. dxe5 dxe5 10. exf5 e4 11. Bc4+ Kh8 12. Qe2 Bxf5 13. Nd4 Bd7 14. O-O-O
c5 15. N4b3 a6 16. Qe3 b5 17. Be2 Rc8 18. f3 c4 19. Nd4 c3 20. Nxe4 Nd5 21. Qg5
cxb2+ 22. Kxb2 Qxg5 23. Nxg5 Ne3 24. Rd2 Nxg2 25. Bxb5 axb5 26. Rxg2 Nc6 27.
Nxc6 Bxc6 28. Rd1 h6 29. Nf7+ Kh7 30. Ne5 Ra7 31. Nxc6 Rxc6 32. Rd5 Rca6 33.
Rxb5 Rxa2+ 34. Kc3 Rf7 35. Rf2 Ra4 36. Rb4 Ra3+ 37. Rb3 Ra4 38. Kd2 g5 39. Ke2
Raf4 40. Kf1 Rc7 41. Kg2 Rfc4 42. Rb2 Kg6 43. Kg3 Rc3 44. Rd2 R7c6 45. Ra2
 1/2-1/2

[Event "2. Bundesliga Mitte 2016/2017"]
[Site "Leoben, Wolfsberg/Taufkirchen/Fuerstenfeld, Grieskirchen, St. Veit"]
[Date "2017.01.29"]
[Round "8"]
[Board "5"]
[White "Bachler, Reinhard"]
[Black "Topf, Christian"]
[Result "1-0"]
[WhiteElo "2182"]
[BlackElo "1992"]
[PlyCount "36"]
[EventDate "2016.10.07"]
[EventType "team"]
[EventRounds "11"]
[EventCountry "AUT"]
[WhiteTeam "Leoben"]
[BlackTeam "SV Gmunden"]

1. f4 Nf6 2. Nf3 b6 3. b3 Bb7 4. e3 e6 5. Bb2 d5 6. Bb5+ c6 7. Be2 Be7 8. O-O
Nbd7 9. Ne5 Qc7 10. d4 O-O 11. Nd2 Bd6 12. Bd3 c5 13. Nxd7 Nxd7 14. dxc5 Nxc5
15. Bxh7+ Kxh7 16. Qh5+ Kg8 17. Bxg7 Kxg7 18. Qg5+ Kh8 1-0

[Event "2. Bundesliga Mitte 2016/2017"]
[Site "Leoben, Wolfsberg/Taufkirchen/Fuerstenfeld, Grieskirchen, St. Veit"]
[Date "2017.01.29"]
[Round "8"]
[Board "6"]
[White "Holzleithner, Johannes"]
[Black "Wagner, Oliver"]
[Result "1/2-1/2"]
[WhiteElo "2006"]
[BlackElo "2040"]
[PlyCount "178"]
[EventDate "2016.10.07"]
[EventType "team"]
[EventRounds "11"]
[EventCountry "AUT"]
[WhiteTeam "SV Gmunden"]
[BlackTeam "Leoben"]

1. e4 e6 2. d4 d5 3. Nd2 Nf6 4. e5 Nfd7 5. Bd3 c5 6. c3 Nc6 7. Ne2 cxd4 8. cxd4
f6 9. Nf4 Nxd4 10. Qh5+ Ke7 11. exf6+ Nxf6 12. Ng6+ hxg6 13. Qxh8 Kf7 14. Qh4
e5 15. Nf3 Nxf3+ 16. gxf3 Bf5 17. Bxf5 gxf5 18. Bg5 Qb6 19. O-O Rc8 20. Rac1
Rc6 21. Bxf6 gxf6 22. Qh5+ Ke7 23. Qh7+ Ke8 24. Qxf5 Bc5 25. Qg6+ Ke7 26. Qg7+
Ke6 27. Qg8+ Kd6 28. Qf7 Bxf2+ 29. Kg2 Bh4 30. Qf8+ Kd7 31. Rcd1 d4 32. Qf7+
Kd6 33. Kh3 Bg5 34. f4 Bxf4 35. Rxf4 exf4 36. Qxf6+ Kd5 37. Qf5+ Kc4 38. Rc1+
Kb4 39. a3+ Ka4 40. Qd7 Qb3+ 41. Kh4 Qxb2 42. Rc4+ Kxa3 43. Qe7+ Ka2 44. Ra4+
Kb1 45. Rb4 Rh6+ 46. Kg4 Rxh2 47. Qe1+ Ka2 48. Ra4+ Kb3 49. Rb4+ Ka3 50. Rxb2
Rxb2 51. Kxf4 d3 52. Qc3+ Rb3 53. Qa1+ Kb4 54. Qd4+ Ka3 55. Qxa7+ Kb2 56. Ke3
Kc2 57. Qa2+ Kc3 58. Qa5+ Kb2 59. Kd2 Ra3 60. Qe5+ Ka2 61. Kc1 Rb3 62. Qa5+ Ra3
63. Qd2+ Kb3 64. Qxd3+ Kb4 65. Qd6+ Ka4 66. Qd7+ b5 67. Kc2 Kb4 68. Qd4+ Ka5
69. Qa7+ Kb4 70. Qe7+ Ka4 71. Qd6 Rh3 72. Kb2 Rb3+ 73. Ka2 Rc3 74. Qd1+ Kb4 75.
Qd6+ Ka4 76. Qd1+ Kb4 77. Qd2 Kc4 78. Kb2 b4 79. Qe2+ Kc5 80. Qa6 Ra3 81. Qe2
Rc3 82. Qe5+ Kc4 83. Qc7+ Kb5 84. Qd7+ Kc5 85. Qb7 Ra3 86. Qe7+ Kb5 87. Qe5+
Kc4 88. Qe4+ Kc5 89. Qc2+ Rc3 1/2-1/2

[Event "2. Bundesliga Mitte 2016/2017"]
[Site "Leoben, Wolfsberg/Taufkirchen/Fuerstenfeld, Grieskirchen, St. Veit"]
[Date "2017.03.24"]
[Round "9"]
[Board "1"]
[White "Huber, Martin Christian"]
[Black "Schmidt, Peter"]
[Result "1/2-1/2"]
[WhiteElo "2412"]
[BlackElo "2383"]
[PlyCount "65"]
[EventDate "2016.10.07"]
[EventType "team"]
[EventRounds "11"]
[EventCountry "AUT"]
[WhiteTeam "Schachfreunde Graz"]
[BlackTeam "SPG Sauwald"]

1. d4 Nf6 2. c4 g6 3. Nc3 Bg7 4. e4 d6 5. Nf3 O-O 6. h3 Nbd7 7. Be3 a6 8. g4 c5
9. d5 b5 10. g5 Ne8 11. cxb5 axb5 12. Bxb5 Nc7 13. Be2 Rb8 14. Qc2 e6 15. dxe6
fxe6 16. Rd1 d5 17. Bc1 Rb4 18. O-O Bxc3 19. bxc3 Rxe4 20. Nh2 Rh4 21. f4 e5
22. Bg4 Ba6 23. Rfe1 exf4 24. Nf3 Rxg4+ 25. hxg4 Nb6 26. Qh2 Qd6 27. Ne5 Ne6
28. Qh6 Nc4 29. Nxg6 hxg6 30. Qxg6+ Ng7 31. Qxd6 Nxd6 32. Rxd5 Nge8 33. Rxc5
 1/2-1/2

[Event "2. Bundesliga Mitte 2016/2017"]
[Site "Leoben, Wolfsberg/Taufkirchen/Fuerstenfeld, Grieskirchen, St. Veit"]
[Date "2017.03.24"]
[Round "9"]
[Board "2"]
[White "Renner, Christoph"]
[Black "Schnider, Gert"]
[Result "1/2-1/2"]
[WhiteElo "2343"]
[BlackElo "2404"]
[PlyCount "68"]
[EventDate "2016.10.07"]
[EventType "team"]
[EventRounds "11"]
[EventCountry "AUT"]
[WhiteTeam "SPG Sauwald"]
[BlackTeam "Schachfreunde Graz"]

1. d4 d5 2. c4 c6 3. Nf3 Nf6 4. Nbd2 g6 5. e3 Bg7 6. Be2 O-O 7. O-O Nbd7 8. b3
b6 9. cxd5 cxd5 10. Ba3 Bb7 11. Rc1 Re8 12. Bb5 a6 13. Bc6 Bxc6 14. Rxc6 Rc8
15. Qc2 Bf8 16. Rc1 Rxc6 17. Qxc6 e6 18. Bxf8 Kxf8 19. h3 Qb8 20. Ne1 Rd8 21.
Nd3 Ng8 22. Nf3 Ne7 23. Qc7 f6 24. g4 g5 25. h4 h6 26. Kg2 Qxc7 27. Rxc7 Ke8
28. hxg5 hxg5 29. Nfe1 Rc8 30. Rxc8+ Nxc8 31. Kf3 Nd6 32. Nc2 Ne4 33. Nc1 a5
34. Ke2 Ke7 1/2-1/2

[Event "2. Bundesliga Mitte 2016/2017"]
[Site "Leoben, Wolfsberg/Taufkirchen/Fuerstenfeld, Grieskirchen, St. Veit"]
[Date "2017.03.24"]
[Round "9"]
[Board "3"]
[White "Mikanovic, Sandro"]
[Black "Testor, Sebastian"]
[Result "1/2-1/2"]
[WhiteElo "2240"]
[BlackElo "2303"]
[PlyCount "36"]
[EventDate "2016.10.07"]
[EventType "team"]
[EventRounds "11"]
[EventCountry "AUT"]
[WhiteTeam "Schachfreunde Graz"]
[BlackTeam "SPG Sauwald"]

1. d4 e6 2. Nf3 Nf6 3. c4 b6 4. g3 Ba6 5. Qa4 Bb7 6. Bg2 c5 7. dxc5 bxc5 8. O-O
Be7 9. Nc3 Qb6 10. Rd1 O-O 11. Qb5 Qc7 12. Bf4 d6 13. Qa4 Rd8 14. Rac1 h6 15.
h3 Qb6 16. Qb5 Qc7 17. Qa4 Qb6 18. Qb5 Qc7 1/2-1/2

[Event "2. Bundesliga Mitte 2016/2017"]
[Site "Leoben, Wolfsberg/Taufkirchen/Fuerstenfeld, Grieskirchen, St. Veit"]
[Date "2017.03.24"]
[Round "9"]
[Board "4"]
[White "Hellmayr, Alois"]
[Black "Kravanja, Georg"]
[Result "1-0"]
[WhiteElo "2202"]
[BlackElo "2246"]
[PlyCount "135"]
[EventDate "2016.10.07"]
[EventType "team"]
[EventRounds "11"]
[EventCountry "AUT"]
[WhiteTeam "SPG Sauwald"]
[BlackTeam "Schachfreunde Graz"]

1. Nf3 d5 2. g3 Nf6 3. Bg2 c6 4. d3 Bg4 5. O-O Nbd7 6. c4 e6 7. Nc3 Bd6 8. cxd5
cxd5 9. Qb3 O-O 10. h3 Bh5 11. Be3 b6 12. Rfc1 Nc5 13. Qd1 Qd7 14. b4 Nb7 15.
Qb3 Rfc8 16. g4 Bg6 17. Bd4 Qe7 18. Nb5 Rxc1+ 19. Rxc1 Qd7 20. a4 Ne8 21. Nxd6
Nbxd6 22. Ne5 Qb7 23. f4 Rc8 24. Rc3 f6 25. Nxg6 hxg6 26. b5 Rxc3 27. Qxc3 Qc7
28. e4 Qxc3 29. Bxc3 dxe4 30. dxe4 f5 31. exf5 gxf5 32. g5 Kf7 33. Kf2 g6 34.
Ke3 Ke7 35. Bb4 Kd8 36. Kd4 Nf7 37. h4 Ng7 38. Bf3 Kd7 39. Bf8 e5+ 40. Kc4 Ne6
41. Bc6+ Kd8 42. Bb4 Nxf4 43. Be1 Nd6+ 44. Kc3 Ke7 45. a5 Ne2+ 46. Kd3 Nd4 47.
axb6 axb6 48. Bb4 Ne6 49. Ke3 Nf4 50. Kf3 Ke6 51. Ba3 Nh5 52. Bb4 e4+ 53. Ke3
f4+ 54. Kd4 f3 55. Bd5+ Kd7 56. Bc6+ Kc7 57. Be1 Nf4 58. Bxe4 Nxb5+ 59. Ke5 Ng2
60. Bf2 Nd6 61. Bxf3 Nc4+ 62. Kd4 Nce3 63. Bxe3 Nxh4 64. Be4 Kd6 65. Bf2 Nf5+
66. Bxf5 gxf5 67. Bg3+ Ke6 68. Kc4 1-0

[Event "2. Bundesliga Mitte 2016/2017"]
[Site "Leoben, Wolfsberg/Taufkirchen/Fuerstenfeld, Grieskirchen, St. Veit"]
[Date "2017.03.24"]
[Round "9"]
[Board "1"]
[White "Heinemann, Thies"]
[Black "Weiss, Christian"]
[Result "1/2-1/2"]
[WhiteElo "2461"]
[BlackElo "2360"]
[PlyCount "82"]
[EventDate "2016.10.07"]
[EventType "team"]
[EventRounds "11"]
[EventCountry "AUT"]
[WhiteTeam "RbEJ Gleisdorf"]
[BlackTeam "Union Ansfelden"]

1. e4 c5 2. Nf3 e6 3. d4 cxd4 4. Nxd4 a6 5. Bd3 Nf6 6. O-O Qc7 7. Qe2 d6 8. c4
g6 9. Nc3 Bg7 10. Nf3 Nc6 11. Bf4 Nh5 12. Be3 Bxc3 13. bxc3 O-O 14. Bc2 e5 15.
c5 Re8 16. Nd2 dxc5 17. Bxc5 b6 18. Be3 Be6 19. Rfb1 Nf4 20. Qf1 b5 21. a4 b4
22. cxb4 Nxb4 23. Rxb4 Qxc2 24. Rb6 Nd3 25. a5 h5 26. h3 Rec8 27. Nf3 Bc4 28.
Qd1 Bb5 29. Qxc2 Rxc2 30. Rd1 Nb2 31. Rd5 Nc4 32. Rf6 Nxa5 33. Nxe5 Nc4 34. Bd4
Nxe5 35. Rxe5 Rc6 36. Rf3 Rc4 37. Bb2 Re8 38. Rxe8+ Bxe8 39. Ra3 Bb5 40. f3 Ra4
41. Rxa4 Bxa4 1/2-1/2

[Event "2. Bundesliga Mitte 2016/2017"]
[Site "Leoben, Wolfsberg/Taufkirchen/Fuerstenfeld, Grieskirchen, St. Veit"]
[Date "2017.03.24"]
[Round "9"]
[Board "2"]
[White "Felsberger, Alfred"]
[Black "Wegerer, Fred"]
[Result "1/2-1/2"]
[WhiteElo "2339"]
[BlackElo "2077"]
[PlyCount "51"]
[EventDate "2016.10.07"]
[EventType "team"]
[EventRounds "11"]
[EventCountry "AUT"]
[WhiteTeam "Union Ansfelden"]
[BlackTeam "RbEJ Gleisdorf"]

1. e4 e5 2. Nf3 Nc6 3. Bc4 Nf6 4. d3 h6 5. O-O d6 6. a4 g5 7. Re1 Bg7 8. c3 O-O
9. Na3 Ne7 10. Bb3 Ng6 11. Nc4 c6 12. Ne3 Nf4 13. Bc2 Re8 14. g3 Ng6 15. a5 Bh3
16. a6 b5 17. Nf5 c5 18. d4 exd4 19. cxd4 Bxf5 20. exf5 Rxe1+ 21. Qxe1 Ne7 22.
dxc5 dxc5 23. Ra3 Ned5 24. Qa5 Qe8 25. Bd3 c4 26. Bf1 1/2-1/2

[Event "2. Bundesliga Mitte 2016/2017"]
[Site "Leoben, Wolfsberg/Taufkirchen/Fuerstenfeld, Grieskirchen, St. Veit"]
[Date "2017.03.24"]
[Round "9"]
[Board "1"]
[White "Schachinger, Mario"]
[Black "Hera, Imre"]
[Result "1/2-1/2"]
[WhiteElo "2425"]
[BlackElo "2609"]
[PlyCount "135"]
[EventDate "2016.10.07"]
[EventType "team"]
[EventRounds "11"]
[EventCountry "AUT"]
[WhiteTeam "SC MPOE Maria Saal 2"]
[BlackTeam "SPG Spk. Fuerstenfeld/Hartberg"]

1. e4 c5 2. Nf3 e6 3. Nc3 a6 4. g3 b5 5. Bg2 Bb7 6. Qe2 Nc6 7. O-O d6 8. a4 b4
9. Nb1 g6 10. d3 Bg7 11. Nbd2 Nge7 12. Nc4 O-O 13. Bf4 e5 14. Bd2 a5 15. Rae1
h6 16. Qd1 f5 17. exf5 gxf5 18. Qc1 Kh7 19. c3 Qc7 20. Nh4 d5 21. Ne3 Rad8 22.
cxb4 Nxb4 23. Bxb4 axb4 24. Qc2 Ba6 25. Rc1 e4 26. dxe4 Bxf1 27. Rxf1 fxe4 28.
Nxd5 Rxd5 29. Qxe4+ Kh8 30. Qxe7 Qxe7 31. Ng6+ Kh7 32. Nxe7 Re5 33. Nd5 Re2 34.
Nf4 Rxf4 35. gxf4 Rxb2 36. Be4+ Kh8 37. Rc1 Bd4 38. Rc2 Rb1+ 39. Kg2 Ra1 40.
Bd5 Rxa4 41. Ra2 Ra3 42. Rxa3 bxa3 43. Kf3 Kg7 44. h3 Kf6 45. Ba2 Kf5 46. Bb1+
Ke6 47. Ba2+ Kf6 48. Bg8 h5 49. Ba2 Kf5 50. Bb1+ Ke6 51. Ba2+ Kd6 52. Ke2 Bb2
53. Kd3 Bd4 54. f3 Ke7 55. Ke4 Kf6 56. Bg8 Bb2 57. Ba2 Bc1 58. Bg8 Ke7 59. Ba2
Kd6 60. f5 Ke7 61. f4 Bb2 62. Bc4 Kd6 63. Ba2 Bf6 64. Bc4 Kc6 65. Ba2 Kd6 66.
Bc4 Kc6 67. Ba2 Kd6 68. Bc4 1/2-1/2

[Event "2. Bundesliga Mitte 2016/2017"]
[Site "Leoben, Wolfsberg/Taufkirchen/Fuerstenfeld, Grieskirchen, St. Veit"]
[Date "2017.03.24"]
[Round "9"]
[Board "2"]
[White "Poetz, Florian"]
[Black "Tratar, Marko"]
[Result "1/2-1/2"]
[WhiteElo "2385"]
[BlackElo "2452"]
[PlyCount "64"]
[EventDate "2016.10.07"]
[EventType "team"]
[EventRounds "11"]
[EventCountry "AUT"]
[WhiteTeam "SPG Spk. Fuerstenfeld/Hartberg"]
[BlackTeam "SC MPOE Maria Saal 2"]

1. e4 e6 2. d4 d5 3. Nc3 Bb4 4. exd5 exd5 5. Bd3 c6 6. Qf3 Qf6 7. Bf4 Bd6 8.
Bxd6 Qxd6 9. Nge2 Ne7 10. O-O-O Nd7 11. g4 Nf8 12. h4 Ne6 13. Qe3 h5 14. gxh5
Rxh5 15. f4 Bd7 16. Ng3 Rh8 17. Nce2 O-O-O 18. f5 Nc7 19. Rde1 Rde8 20. Qg5 Qh6
21. Nf4 Ng8 22. Ngh5 Rxe1+ 23. Rxe1 Ne8 24. Rg1 Nef6 25. Nxf6 Nxf6 26. Qxh6
gxh6 27. Rg7 Rh7 28. Rxh7 Nxh7 29. Nh5 Kd8 30. Kd2 Ke7 31. Ke3 Nf6 32. Nxf6
Kxf6 1/2-1/2

[Event "2. Bundesliga Mitte 2016/2017"]
[Site "Leoben, Wolfsberg/Taufkirchen/Fuerstenfeld, Grieskirchen, St. Veit"]
[Date "2017.03.24"]
[Round "9"]
[Board "3"]
[White "Halvax, Georg"]
[Black "Kuba, Guenter"]
[Result "1/2-1/2"]
[WhiteElo "2429"]
[BlackElo "2329"]
[PlyCount "147"]
[EventDate "2016.10.07"]
[EventType "team"]
[EventRounds "11"]
[EventCountry "AUT"]
[WhiteTeam "SC MPOE Maria Saal 2"]
[BlackTeam "SPG Spk. Fuerstenfeld/Hartberg"]

1. e4 e5 2. Nf3 Nc6 3. Bb5 a6 4. Bxc6 dxc6 5. O-O Qf6 6. d4 exd4 7. Bg5 Qd6 8.
e5 Qg6 9. Qxd4 Be7 10. Bf4 Be6 11. Nc3 Nh6 12. Rad1 O-O 13. Qe3 Nf5 14. Qe4
Rad8 15. b3 h6 16. Bc1 Rfe8 17. Qf4 Bd5 18. Nxd5 cxd5 19. Rfe1 c5 20. c3 Bf8
21. h4 h5 22. g3 b5 23. Kh1 Be7 24. Rg1 Nh6 25. Nh2 Ng4 26. Nxg4 Qxg4 27. Qxg4
hxg4 28. Rge1 Bf8 29. Kg2 g6 30. Bf4 Bg7 31. Re3 Rd7 32. Red3 Bxe5 33. Rxd5
Rxd5 34. Rxd5 Bxf4 35. gxf4 Re2 36. Rxc5 Rxa2 37. b4 Kg7 38. Kg3 f5 39. h5 Rd2
40. hxg6 Kxg6 41. Rc6+ Kf7 42. Rxa6 Rd3+ 43. Kh4 Rxc3 44. Kg5 Rc4 45. Kxf5 Rxb4
46. Ra7+ Kf8 47. Kxg4 Rc4 48. Rb7 b4 49. Kg5 Rc2 50. Rxb4 Rxf2 51. Kf6 Kg8 52.
Rb8+ Kh7 53. f5 Ra2 54. Re8 Ra5 55. Re5 Ra6+ 56. Kf7 Ra7+ 57. Re7 Ra8 58. f6
Rb8 59. Rd7 Ra8 60. Ke6+ Kg8 61. Ke7 Rb8 62. Rc7 Ra8 63. Rb7 Rc8 64. Rb6 Ra8
65. Rd6 Ra7+ 66. Ke6 Ra8 67. Rd7 Kf8 68. Rd6 Rb8 69. Ra6 Rc8 70. Kf5 Rc1 71.
Ra8+ Kf7 72. Ra7+ Kf8 73. Ra8+ Kf7 74. Ra7+ 1/2-1/2

[Event "2. Bundesliga Mitte 2016/2017"]
[Site "Leoben, Wolfsberg/Taufkirchen/Fuerstenfeld, Grieskirchen, St. Veit"]
[Date "2017.03.24"]
[Round "9"]
[Board "4"]
[White "Csonka, Attila"]
[Black "Tomazini, Zan"]
[Result "1/2-1/2"]
[WhiteElo "2346"]
[BlackElo "2389"]
[PlyCount "102"]
[EventDate "2016.10.07"]
[EventType "team"]
[EventRounds "11"]
[EventCountry "AUT"]
[WhiteTeam "SPG Spk. Fuerstenfeld/Hartberg"]
[BlackTeam "SC MPOE Maria Saal 2"]

1. e4 g6 2. d4 Bg7 3. Nf3 d6 4. Bc4 Nf6 5. Qe2 O-O 6. O-O Nc6 7. c3 e5 8. dxe5
Nxe5 9. Nxe5 dxe5 10. Nd2 Nh5 11. Nf3 h6 12. Be3 Qf6 13. h3 Nf4 14. Bxf4 Qxf4
15. Rad1 Re8 16. Rd3 Kh7 17. Rfd1 Qf6 18. Qd2 Qe7 19. Rd8 Bf6 20. Rxe8 Qxe8 21.
Qc2 Kg7 22. Rd2 b5 23. Bd5 c6 24. Bb3 a6 25. Qd1 Ra7 26. Ne1 Be7 27. Qf3 Rd7
28. Rxd7 Bxd7 29. Nd3 Bd6 30. Qe3 Bc8 31. c4 Qd7 32. Qc1 Bc7 33. Qc3 f6 34.
cxb5 axb5 35. a4 Bb6 36. axb5 cxb5 37. Bd5 Bd4 38. Qa3 Qc7 39. Kh2 h5 40. Qb4
Bb7 41. g3 h4 42. Bxb7 hxg3+ 43. Kxg3 Qxb7 44. f3 Qa7 45. h4 Be3 46. Qd6 Qf7
47. Nc5 Kh6 48. Nd7 Kg7 49. Nc5 Bxc5 50. Qxc5 Qd7 51. b4 Kf7 1/2-1/2